| 000 | 00683cam a2200241 i 4500 | ||
|---|---|---|---|
| 001 | 2720435 | ||
| 003 | OSt | ||
| 005 | 20160707145017.0 | ||
| 008 | 770525t19771976maua b 001 0 eng | ||
| 010 | _a 77009247 | ||
| 020 | _a0333350154 | ||
| 040 |
_aDLC _cDLC _dDLC |
||
| 082 |
_aWA 105 _bA21a 1983 |
||
| 100 | 1 |
_aAlderson,Michael. _910025 |
|
| 245 | 1 | 3 |
_aAn introduction to epidemiology / _cMichael Alderson. |
| 250 | _a4th.ed. | ||
| 260 |
_aLondon _bMacmillan _c1983 |
||
| 300 |
_aviii, 335 p. : _bill. ; _c24 cm. |
||
| 504 | _aIncludes bibliographies and index. | ||
| 650 | 0 |
_aEpidemiology. _91064 |
|
| 906 |
_a7 _bcbc _corignew _d1 _eocip _f19 _gy-gencatlg |
||
| 942 |
_2z _cO_SHELF |
||
| 999 |
_c4660 _d4660 |
||